000
00320cam a2200145ua 4500
041
_a
mal
_h
082
_a
894.812 308
_b
KAN/KA
100
_a
Kanam, E J .
245
_a
Kadalasu Pookkal /
_c
E J Kanam.
_h
Textual Documents
250
_a
1 /
_b
.
300
_a
206 ; .
504
_a
942
_c
BK
999
_c
3857
_d
3857